Normal view
MARC view
- Computer Management-MS-Thesis
Entry Topical Term
001 - CONTROL NUMBER
- control field: 31666
003 - CONTROL NUMBER IDENTIFIER
- control field: NUST
005 - DATE AND TIME OF LATEST TRANSACTION
- control field: 20201016135913.0
008 - FIXED-LENGTH DATA ELEMENTS
- fixed length control field: 201016|| aca||aabn | a|a d
040 ## - CATALOGING SOURCE
- Original cataloging agency: NUST
- Transcribing agency: NUST
150 ## - HEADING--TOPICAL TERM
- Topical term or geographic name entry element: Computer Management-MS-Thesis
670 ## - SOURCE DATA FOUND
- Source citation: Work cat.: (NUST): Yaqub, Muhammad Waqas 31665, The Impacts of Technology on Employment Opportunities, Labor Skills and Unemployment Rate in Pakistan /, 2012.
